000 00516nam a2200181Ia 4500
005 20250508161820.0
008 008 250505s9999 xx 000 0 eng d
037 _aTextual
040 _aFEDL
_beng
_cFEDL
041 _aeng
_2eng
084 _a497, KEN
_qFEDL
100 _aKenner Hugh
245 0 _aHomemade world : The American modernist writers
260 _aBombay, India
_bAllied Publishers Private Limited
_c1975
300 _a221p.
942 _cTEXL
_h497, KEN
999 _c1372420
_d1372420